000 00510nam a2200181Ia 4500
001 8980
005 20260306160649.0
008 260306t2009||||xx |||||||||||||| ||spa||
041 _aESP
082 _a372.21
_bE24M
100 _aCastro, Adriana
_eAUT
245 0 _aMatemáticas para los más chicos:
_bdiscusiones y proyectos para la enseñanza del espacio, la geometría y el número
260 _c2009
300 _a110 páginas :
_c26 cm.
650 _aGEN
654 _aCED
942 _cLIB
_dJUS
_fJUS
_2ddc
_n
999 _c8980
_d8980